C# 5.0: (Record no. 194530)

MARC details
000 -LEADER
fixed length control field 00701nam a2200229Ia 4500
003 - CONTROL NUMBER IDENTIFIER
control field OSt
005 - DATE AND TIME OF LATEST TRANSACTION
control field 20241024152422.0
008 - FIXED-LENGTH DATA ELEMENTS--GENERAL INFORMATION
fixed length control field 210716s2014 xx 000 0 und d
020 ## - INTERNATIONAL STANDARD BOOK NUMBER
International Standard Book Number 9788126550364
040 ## - CATALOGING SOURCE
Transcribing agency AIMIT LIBRARY
041 ## - LANGUAGE CODE
Language code of text/sound track or separate title eng
082 ## - DEWEY DECIMAL CLASSIFICATION NUMBER
Classification number 005.1332
Edition number 1
Item number STER
100 ## - MAIN ENTRY--PERSONAL NAME
Personal name Stephens, Rod.
9 (RLIN) 183189
245 ## - TITLE STATEMENT
Title C# 5.0:
Remainder of title programmers reference /
Statement of responsibility, etc. By Rod Stephens.
250 ## - EDITION STATEMENT
Edition statement 1st ed.
260 ## - PUBLICATION, DISTRIBUTION, ETC.
Place of publication, distribution, etc. New Delhi :
Name of publisher, distributor, etc. Wiley India Pvt Ltd ;
Date of publication, distribution, etc. 2014.
300 ## - PHYSICAL DESCRIPTION
Extent xli,917p. ;
Other physical details PB
Dimensions 23 cm.
650 ## - SUBJECT ADDED ENTRY--TOPICAL TERM
Topical term or geographic name entry element Program and code file structure
9 (RLIN) 183190
650 ## - SUBJECT ADDED ENTRY--TOPICAL TERM
Topical term or geographic name entry element Program control statements
9 (RLIN) 183191
650 ## - SUBJECT ADDED ENTRY--TOPICAL TERM
Topical term or geographic name entry element Tracing and debugging
9 (RLIN) 183192
942 ## - ADDED ENTRY ELEMENTS (KOHA)
Source of classification or shelving scheme Dewey Decimal Classification
Koha item type Book
Edition 1st ed.
Call number prefix 005.1332 STER
Holdings
Withdrawn status Lost status Source of classification or shelving scheme Damaged status Not for loan Collection code Home library Current library Source of acquisition Cost, normal purchase price Inventory number Total Checkouts Full call number Barcode Date last seen Cost, replacement price Price effective from Koha item type
    Dewey Decimal Classification     MCA St Aloysius Institute of Management & Information Technology St Aloysius Institute of Management & Information Technology Knowledge World 799.00 Bill no:445; Bill dt:2015-03-20   005.1332 STER MCA14038 07/21/2025 599.25 07/16/2021 Book